| 000 | 00362 a2200109 4500 | ||
|---|---|---|---|
| 001 | ART_9465 | ||
| 005 | 20260410161846.0 | ||
| 008 | 260409a | ||
| 245 | 1 | 0 | _aLa demanda de liquidez internacional de los países en desarrollo |
| 100 | 1 | _aEdwards, Sebastián | |
| 773 | 0 |
_tEl trimestre económico _g- Vol. LI, Nº 201 (ene./mar. 1984) _wREV6933 |
|
| 999 |
_c24572 _d24572 |
||